| 000 | 01063nam a22003137a 4500 | ||
|---|---|---|---|
| 003 | CHAP | ||
| 005 | 20220329133239.0 | ||
| 008 | 971013s1989 r 00010 d | ||
| 010 | _a3876 | ||
| 011 | _a4848 | ||
| 035 | _a4052 | ||
| 040 | _cCHAP | ||
| 090 | _aFolleto 12669 | ||
| 110 |
_aINIFAP. México. Campo Experimental Santiago Ixcuintla _958768 |
||
| 245 | _aGuía para cultivar cacahuate en la Costa de Nayarit | ||
| 260 |
_aSantiago Ixcuintla, Nay. : _bEl Instituto, _c1989 |
||
| 300 | _a20 p | ||
| 490 |
_aINIFAP. Campo Experimental Valles Centrales. Folleto para productores _v; 4 |
||
| 500 | _aD51-203 | ||
| 590 |
_aBATCH-UPD _b10 _c20130110 _lUCH01 _h0218 |
||
| 590 |
_aBATCH-UPD _b10 _c20130110 _lUCH01 _h2024 |
||
| 590 |
_aCONVERSION _b10 _c20130109 _lUCH01 _h1303 |
||
| 650 | 1 | 4 |
_aCacahuate _xNayarit. _916891 |
| 650 | 1 | 4 |
_aCacahuate _xRendimiento. _916900 |
| 830 | 0 |
_aINIFAP. Campo Experimental Valles Centrales. Folleto para productores _v; 4 _958690 |
|
| 901 | _aBK | ||
| 942 | _cFOLL | ||
| 949 |
_aFolleto 12669 _bBC _cFOLL _d-13583 _eTS1 _i4052 _si |
||
| 999 |
_c3876 _d3876 |
||